Průvodce kurzem Umělá inteligence a expertní systémy : eLearning : distanční forma studia : vzdělávací řídící systém MOODLE /

Main Author: Mikulecký, Peter, 1948-
Corporate Author: Vysoká škola báňská - Technická univerzita Ostrava. Ekonomická fakulta
Other Authors: VIRTUNIV (projekt)
Language: Czech
Published: Ostrava : VŠB - Technická univerzita Ostrava, Centrum eLearningu VIRTUNIV, 2006
Edition: 1. vyd.
Subjects:
Physical Description: 36 l. ; 30 cm
Book
Saved in:
LEADER 02660nam a2200673 a 4500
001 nkc20051499878
003 CZ PrNK
005 20070612085420.0
007 ta
008 050214s2006 xr e f 000 0 cze
015 |a cnb001499878 
020 |a 80-248-0732-7  |q (brož.) :  |c neprodejné 
035 |a (OCoLC)124090291 
040 |a BOA001  |b cze  |d ABA001 
043 |a e-xr---  |b e-xr-mo  |2 czenas 
072 7 |a 378  |x Vysoké školy  |2 Konspekt  |9 22 
080 |a 378.6:62  |2 MRF 
080 |a 37.091.3  |2 MRF 
080 |a 37.091.3:004  |2 MRF 
080 |a 004.8  |2 MRF 
080 |a 004.82  |2 MRF 
080 |a 004.891  |2 MRF 
080 |a (437.326)  |2 MRF 
080 |a (036)  |2 MRF 
100 1 |a Mikulecký, Peter,  |d 1948-  |7 jo2002159573  |4 aut 
245 1 0 |a Průvodce kurzem Umělá inteligence a expertní systémy :  |b eLearning : distanční forma studia : vzdělávací řídící systém MOODLE /  |c Peter Mikulecký 
246 3 0 |a Umělá inteligence a expertní systémy 
246 3 0 |a Moodle 
250 |a 1. vyd. 
260 |a Ostrava :  |b VŠB - Technická univerzita Ostrava, Centrum eLearningu VIRTUNIV,  |c 2006 
300 |a 36 l. ;  |c 30 cm 
500 |a Pod názvem: Ekonomická fakulta, VŠB - Technická univerzita Ostrava, Centrum eLearningu VIRTUNIV 
500 |a 20 výt. 
504 |a Obsahuje bibliografii 
610 2 7 |a Vysoká škola báňská - Technická univerzita Ostrava.  |b Ekonomická fakulta  |7 kn20010709388  |2 czenas 
650 0 7 |a vysoké technické školy  |7 ph127286  |z Česko  |2 czenas 
650 0 7 |a studium a výuka  |7 ph136700  |2 czenas 
650 0 7 |a e-learning  |7 ph196647  |2 czenas 
650 0 7 |a umělá inteligence  |7 ph116536  |2 czenas 
650 0 7 |a znalostní systémy  |7 ph211949  |2 czenas 
650 0 7 |a expertní systémy  |7 ph120114  |2 czenas 
650 0 9 |a technical universities  |z Czechia  |2 eczenas 
650 0 9 |a study and teaching  |2 eczenas 
650 0 9 |a e-learning  |2 eczenas 
650 0 9 |a artificial intelligence  |2 eczenas 
650 0 9 |a knowledge-based systems  |2 eczenas 
650 0 9 |a expert systems  |2 eczenas 
651 7 |a Ostrava (Česko)  |7 ge128537  |2 czenas 
651 9 |a Ostrava (Czechia)  |2 eczenas 
655 7 |a informační publikace  |7 fd132454  |2 czenas 
655 9 |a information publications  |2 eczenas 
710 2 |a Vysoká škola báňská - Technická univerzita Ostrava.  |b Ekonomická fakulta  |7 kn20010709388 
710 2 |a VIRTUNIV (projekt)  |7 mzk2006340863 
910 2 |a BOA001  |b 4-1183.664 
928 9 |a Vysoká škola báňská - Technická univerzita 
990 |a BK 
995 |a 01 
991 |b 200703  |c NOV 
996 6 |b 2610305337  |c 4-1183.664  |l MZK  |r Sklad / do 1 hodiny  |n 2  |p p.v.  |w 000845232  |u 000010  |a 1  |e BOA001  |j MZK50  |s P